| 000 | 00663nam a2200241 a 4500 | ||
|---|---|---|---|
| 001 | 14295 | ||
| 003 | BD-JhCC | ||
| 005 | 20250302111831.0 | ||
| 008 | 250302b19952000e a|||| ||a| 001 0 eng d | ||
| 020 | _a 9781316084779 | ||
| 035 | _a(BD-JhCC)14295 | ||
| 040 |
_aBD-JhCC _dBD-JhCC |
||
| 041 | _aenglish | ||
| 082 |
_a004 _bMOT 2000 |
||
| 100 | _a Motwani,Rajeev | ||
| 245 |
_a Randomized algorithms / _cRajeev Motwani, Prabhakar Raghavan . |
||
| 260 |
_aNew York: _bCambridge University Press; _c2000. |
||
| 300 |
_axiv, 476 p. : _bill; _c26 cm. |
||
| 650 | _aCOMPUTERS Data Processing | ||
| 700 | _a Raghavan, Prabhakar | ||
| 942 |
_2ddc _cBK |
||
| 999 |
_c14295 _d14295 |
||